Plasticity in reinforced concrete /

Bibliographic Details
Main Author: Chen, Wai-Fah, 1936-
Format: Book
Language:English
Published: New York : McGraw-Hill, [1982]
Subjects:

MARC

Tag First Indicator Second Indicator Subfields
LEADER 00000pam a2200000 a 4500
001 in00000083358
005 20151008061237.0
008 810312s1982 nyua b 00110 eng
010 |a  81004733  
020 |a 0070106878 :  |c $35.95 (est.) 
035 |a (OCoLC)07307294 
035 |9 AAJ7630AM 
039 0 |a 2  |b 3  |c 3  |d 3  |e 3 
040 |a DLC  |c DLC  |d TXA  |d UtOrBLW 
049 |a TXAM  |c [1443119] 
050 0 0 |a TA683.2  |b .C457 
082 0 |a 620.1/37  |2 19 
100 1 |a Chen, Wai-Fah,  |d 1936- 
245 1 0 |a Plasticity in reinforced concrete /  |c W.F. Chen. 
264 1 |a New York :  |b McGraw-Hill,  |c [1982] 
264 4 |c ©1982 
300 |a xv, 474 pages :  |b illustrations ;  |c 24 cm. 
336 |a text  |b txt  |2 rdacontent 
337 |a unmediated  |b n  |2 rdamedia 
338 |a volume  |b nc  |2 rdacarrier 
504 |a Includes bibliographies and indexes. 
650 0 |a Reinforced concrete construction. 
650 0 |a Reinforced concrete  |x Plastic properties. 
999 |a MARS 
999 f f |s 87edc671-8005-3ffa-be70-4d9b0354b394  |i 14b4ec2e-a2b9-3ece-a2b1-b9431eb6f8df  |t 0 
952 f f |p normal  |a Texas A&M University  |b College Station  |c Sterling C. Evans Library  |d Evans: Library Stacks  |t 0  |e TA683.2 .C457  |h Library of Congress classification  |i unmediated -- volume  |m A14806243611 
998 f f |a TA683.2 .C457  |t 0  |l Evans: Library Stacks